000 00626nas a2200229 4500
001 BR9000621
003 BR-BrBNA
005 20231205091810.0
007 ta
008 230509b bl.|||p| |||| 00| 00por d
040 _aBR-BrBNA
_bpor
_cBiblioteca Nacional de Agricultura
041 _a(Pt)
072 _aL01; D50
100 1 _aTeixeira, E.N.
245 1 _aControle leiteiro
650 _aCONTROLE LEITEIRO
650 _aCAPRINO
650 _aLEGISLACAO
773 0 _tCabras e Bodes (Brazil)
_xISSN 0102-7344
_g(1989), v. 5(22) p. 10-11
_wBR9000621
909 _a202311
_bLúcia
_c55
_dLúcia Elande
942 _2AGRIS
_n0
_cANA
999 _c127420
_d127420